| 000 | 01737cam a2200325 a 4500 | ||
|---|---|---|---|
| 001 | 15196490 | ||
| 003 | NUST | ||
| 005 | 20221227180546.0 | ||
| 008 | 080227s2009 enka b 001 0 eng | ||
| 010 | _a 2008009167 | ||
| 020 | _a9780415375078 (hardback) | ||
| 020 | _a041537507X (hardback) | ||
| 020 | _a9780203891766 (ebook) | ||
| 020 | _a0203891767 (ebook) | ||
| 035 | _a(OCoLC)ocn213466048 | ||
| 040 |
_aDLC _cDLC _dBAKER _dBTCTA _dBWK _dCDX _dC#P _dBWX _dYDXCP _dXVF _dDLC |
||
| 050 | 0 | 0 |
_aJZ5665 _b.K53 2009 |
| 082 | 0 | 0 |
_a355.02170954,KHA _222 |
| 100 | 1 |
_aKhan, Saira. _918814 |
|
| 245 | 1 | 0 |
_aNuclear weapons and conflict transformation : _bthe case of India-Pakistan / _cSaira Khan. |
| 260 |
_aLondon ; _aNew York : _bRoutledge, _c2009. |
||
| 300 |
_axiv, 202 p. : _bill. ; _c25 cm. |
||
| 490 | 1 | _aAsian security studies | |
| 505 | 0 | _aIntroduction (Page-1), Studies on conflict transformation (Page-9), Ramifications of nuclear weapons acquisition (Page-25), Elucidating conflict transformation with nuclear weapons (Page-39), The India-Pakistan protracted conflict (Page-61), Life-cycle of the protracted conflict (Page-61), Introduction of nuclear weapons into the conflict (Page-76), Crises and wars in the pre-nuclear period (Page-89), Crises and non-escalation in the nuclear period (Page-100), Futile peace initiatives in the midst of violence (Page-115), Conflict transformed (Page-128), Potential for conflict termination (Page-141), Conclusion (Page-154). | |
| 650 | 0 |
_aNuclear arms control. _9106111 |
|
| 650 | 0 | _aConflict management. | |
| 830 | 0 |
_aAsian security studies. _92033 |
|
| 856 | 4 | 1 |
_3Table of contents only _uhttp://www.loc.gov/catdir/toc/ecip0813/2008009167.html |
| 942 |
_2ddc _cBK _k355.02170954,KHA |
||
| 999 |
_c592823 _d592823 |
||